Elements of Topological Dynamics
Saved in:
| Main Author: | |
|---|---|
| Format: | Book |
| Language: | English |
| Published: |
Dordrecht :
Kluwer,
1993
|
| Series: | Mathematics and its applications ;
; 257 |
| Subjects: | |
| Tags: |
Add Tag
No Tags, Be the first to tag this record!
|
MARC
| LEADER | 00000nam a2200000 i 4500 | ||
|---|---|---|---|
| 001 | 1/50077 | ||
| 008 | 950914s1993 eng d | ||
| 020 | |a 0-7923-2287-8 | ||
| 035 | |a 1995 |c ΠΟΥΡΝΑΡΑΣ |l 10043785 | ||
| 040 | |a GR-MY-UA |b gre |e aacr | ||
| 041 | 0 | |a eng | |
| 082 | 0 | |a 514.3 | |
| 100 | 1 | |a Vries, Jan de. | |
| 245 | 1 | 0 | |a Elements of Topological Dynamics / |c J. de Vries |
| 260 | |a Dordrecht : |b Kluwer, |c 1993 | ||
| 300 | |a 748 p.; |c 25 cm. | ||
| 490 | 1 | |a Mathematics and its Applications |v ; 257 | |
| 500 | |a Includes bibliographical references and indexes | ||
| 650 | 0 | 0 | |a Topological dynamics. |
| 830 | 0 | |a Mathematics and its applications ; |v ; 257 | |
| 852 | |a INST |b SAMOS |e 19950914 |h 514.3 VRI |p 005300005038 |q 005300005038 |t BK |y 0 | ||
| 909 | |a Σ |b 041173 | ||